| Tag |
First Indicator |
Second Indicator |
Subfields |
| LEADER |
00000cam a2200000 a 4500 |
| 001 |
in00000024842 |
| 005 |
20151007054423.0 |
| 008 |
830203s1982 gw a b 10110 eng d |
| 020 |
|
|
|a 3540116516 (Berlin)
|
| 020 |
|
|
|a 0387116516 (New York)
|
| 035 |
|
|
|a (OCoLC)09187010
|
| 035 |
|
|
|9 AAB5000AM
|
| 040 |
|
|
|a BKM
|c BKM
|d m/c
|d TXA
|d UtOrBLW
|
| 049 |
|
|
|a TXAM
|c [A11110035]
|
| 050 |
|
4 |
|a QC879.6
|b .D25 1982
|
| 111 |
2 |
|
|a Dahlem Workshop on Atmospheric Chemistry
|d (1982 :
|c Berlin, Germany)
|
| 245 |
1 |
0 |
|a Atmospheric chemistry :
|b report of the Dahlem Workshop on Atmospheric Chemistry, Berlin 1982, May 2-7 /
|c E.D. Goldberg, editor ; rapporteurs, M.O. Andreae [and others].
|
| 264 |
|
1 |
|a Berlin ;
|a New York :
|b Springer-Verlag,
|c 1982.
|
| 300 |
|
|
|a viii, 384 pages :
|b illustrations ;
|c 21 cm.
|
| 336 |
|
|
|a text
|b txt
|2 rdacontent
|
| 337 |
|
|
|a unmediated
|b n
|2 rdamedia
|
| 338 |
|
|
|a volume
|b nc
|2 rdacarrier
|
| 490 |
1 |
|
|a Physical and chemical sciences research reports ;
|v 4
|
| 504 |
|
|
|a Includes bibliographical references and indexes.
|
| 650 |
|
0 |
|a Atmospheric chemistry
|v Congresses.
|
| 700 |
1 |
|
|a Goldberg, Edward D.
|
| 700 |
1 |
|
|a Andreae, Meinrat O.
|
| 830 |
|
0 |
|a Physical and chemical sciences research reports ;
|v 4.
|
| 999 |
|
|
|a MARS
|
| 999 |
f |
f |
|s fb4f9136-673b-3c6b-b52a-e1304e341de3
|i 8d68c4e3-01c0-374f-a8e8-fb90a9884895
|t 0
|
| 952 |
f |
f |
|p ric
|a Texas A&M University
|b Rellis Campus
|c Joint Library Facility
|d Remote Storage
|t 0
|e QC879.6 .D25 1982
|h Library of Congress classification
|i unmediated -- volume
|m A14811110035
|
| 998 |
f |
f |
|a QC879.6 .D25 1982
|t 0
|l Remote Storage
|